<?xml version="1.0" encoding="UTF-8"?>
<record
    xmlns:xsi="http://www.w3.org/2001/XMLSchema-instance"
    xsi:schemaLocation="http://www.loc.gov/MARC21/slim http://www.loc.gov/standards/marcxml/schema/MARC21slim.xsd"
    xmlns="http://www.loc.gov/MARC21/slim">

  <leader>00889nam a22002057a 4500</leader>
  <controlfield tag="001">38310</controlfield>
  <controlfield tag="003">BD-RjUL</controlfield>
  <controlfield tag="005">20211209052753.0</controlfield>
  <controlfield tag="008">151103s2012    bg ||||| |||| 00| 0 ben d</controlfield>
  <datafield tag="035" ind1=" " ind2=" ">
    <subfield code="a">(BD-RjUL)38415</subfield>
  </datafield>
  <datafield tag="040" ind1=" " ind2=" ">
    <subfield code="a">BD-RjUL</subfield>
    <subfield code="b">ben</subfield>
    <subfield code="c">BD-RjUL</subfield>
  </datafield>
  <datafield tag="041" ind1=" " ind2=" ">
    <subfield code="a">ben</subfield>
  </datafield>
  <datafield tag="082" ind1=" " ind2=" ">
    <subfield code="2">22</subfield>
    <subfield code="a">294.5924</subfield>
    <subfield code="b">PRO 2012</subfield>
  </datafield>
  <datafield tag="245" ind1=" " ind2=" ">
    <subfield code="a">&#x9AA;&#x9CD;&#x9B0;&#x9B6;&#x9CD;&#x9A8;&#x9CB;&#x9A4;&#x9CD;&#x9A4;&#x9B0;&#x9C7; &#x9B6;&#x9CD;&#x9B0;&#x9C0;&#x9AE;&#x9A6;&#x9CD;&#x9AD;&#x997;&#x9AC;&#x9A6;&#x997;&#x9C0;&#x9A4;&#x9BE; &#x9B0;&#x9A4;&#x9CD;&#x9A8;&#x9AE;&#x9BE;&#x9B2;&#x9BF;&#x995;&#x9BE; /</subfield>
    <subfield code="c">&#x9B8;&#x982;&#x995;&#x9B2;&#x9A8;&#x9C7; : &#x9AE;&#x9A8;&#x9CB;&#x99C;&#x9AC;&#x9BF;&#x995;&#x9BE;&#x9B6; &#x9A6;&#x9C7;&#x9AC;&#x9B0;&#x9BE;&#x9AF;&#x9BC;</subfield>
  </datafield>
  <datafield tag="260" ind1=" " ind2=" ">
    <subfield code="a">&#x9B8;&#x9BF;&#x9B2;&#x9C7;&#x99F;, &#x9AC;&#x9BE;&#x982;&#x9B2;&#x9BE;&#x9A6;&#x9C7;&#x9B6; :</subfield>
    <subfield code="b">&#x9B6;&#x9CD;&#x9B0;&#x9C0;&#x9B6;&#x9CD;&#x9B0;&#x9C0; &#x9AA;&#x9CD;&#x9B0;&#x9AD;&#x9C1; &#x99C;&#x997;&#x9A6;&#x9CD;&#x9AC;&#x9A8;&#x9CD;&#x9A7;&#x9C1;&#x9B8;&#x9C1;&#x9A8;&#x9CD;&#x9A6;&#x9B0; &#x9A7;&#x9BE;&#x9AE;,</subfield>
    <subfield code="c">&#x9E8;&#x9E6;&#x9E7;&#x9E8;</subfield>
  </datafield>
  <datafield tag="300" ind1=" " ind2=" ">
    <subfield code="a">&#x9EF;&#x9EB; &#x9AA;&#x9C3;. ;</subfield>
    <subfield code="c">&#x9E8;&#x9E7; &#x9B8;&#x9C7;&#x9AE;&#x9BF;.</subfield>
  </datafield>
  <datafield tag="650" ind1=" " ind2=" ">
    <subfield code="a">Bhagavadg&#x12B;t&#x101; </subfield>
    <subfield code="x">Commentaries.</subfield>
    <subfield code="9">118412</subfield>
  </datafield>
  <datafield tag="700" ind1=" " ind2=" ">
    <subfield code="a">&#x9A6;&#x9C7;&#x9AC;&#x9B0;&#x9BE;&#x9AF;&#x9BC;, &#x9AE;&#x9A8;&#x9CB;&#x99C;&#x9AC;&#x9BF;&#x995;&#x9BE;&#x9B6;</subfield>
    <subfield code="9">225155</subfield>
  </datafield>
  <datafield tag="942" ind1=" " ind2=" ">
    <subfield code="2">ddc</subfield>
    <subfield code="c">BK</subfield>
  </datafield>
  <datafield tag="999" ind1=" " ind2=" ">
    <subfield code="c">38310</subfield>
    <subfield code="d">38310</subfield>
  </datafield>
  <datafield tag="952" ind1=" " ind2=" ">
    <subfield code="0">0</subfield>
    <subfield code="1">0</subfield>
    <subfield code="2">ddc</subfield>
    <subfield code="4">0</subfield>
    <subfield code="7">0</subfield>
    <subfield code="8">NFIC</subfield>
    <subfield code="a">RUCL</subfield>
    <subfield code="b">RUCL</subfield>
    <subfield code="c">Stack</subfield>
    <subfield code="d">2013-03-10</subfield>
    <subfield code="e">Gift by Author</subfield>
    <subfield code="g">100.00</subfield>
    <subfield code="l">1</subfield>
    <subfield code="o">B 294.5924 PRO 2012</subfield>
    <subfield code="r">2015-11-08 00:00:00</subfield>
    <subfield code="s">2015-11-03</subfield>
    <subfield code="t">C-2</subfield>
    <subfield code="w">2021-12-09</subfield>
    <subfield code="y">BK</subfield>
  </datafield>
</record>
